000 00757nam a2200205Ia 4500
005 20241216011222.0
008 190429s9999||||xx |||||||||||||| ||und||
082 _a636.0855
_bP43
100 _aPEÑA ESPINOZA MADELIN ROSA
245 0 _aEVALUACION AGRONOMICA DE LOS CULTIVOS DE CAMOTE FORRAJERO (IPOMOEA BATATAS) Y MAIZ ( ZEA MAYS ) EN EL DISTRITO DE SAN RAMON- JUNIN
250 _a0
260 _aCERRO DE PASCO-PERU
_bUNDAC
_c2013
300 _a54 pag.
_c30 cm.
341 _h0
490 _v0
_a0
505 _aREVISION DE LITERATURA, MATERIALES Y METODOS, RESULTADOS Y DISCUCION, CONCLUSIONES, RECOMENDACIONES, BIBLIOGRAFIA Y ANEXOS
541 _aD
_bPEÑA ESPINOZA MADELIN R.
_d30-May-14
_oSoles
650 _aZootecnia - Oxapampa
942 _cTESIS
999 _c35850
_d35850